00899nam a2200229Ii 45000010005000000030009000050080041000140400033000550410008000880820012000961000027001082450032001352640066001673000012002333360026002453370028002713380027002999400050003269990017003769520138003939520138005315864CO-ViMGA241108s9999||||xx |||||||||||||| ||und|| aCO-ViMGAbspaerdacCO-ViMGA0 aunk04a863-E771 aVicente Espinel95720410aVida de Marcos de Obregón 1a[Lugar de publicación no identificado] : Espasa-Calpe, 1951 avolumen atextbtxt2rdacontent aunmediatedbn2rdamedia avolumebnc2rdacarrier aidficha_siabuc: 5718. -- ficha_no_siabuc:5864 c55519d55519 001040708001aMEVIGERRbMEVIGERRcGENd2006-11-27hVol.1o863-E77pECA4975r2024-11-26 10:51:32tEj.1w2024-11-26yBKz5718 | 7996 001040708001aMEVIGERRbMEVIGERRcGENd2006-11-27hVol.1o863-E77pECA4974r2024-11-26 10:51:32tEj.1w2024-11-26yBKz5718 | 7995